| 000 | 00546nam a22001817a 4500 | ||
|---|---|---|---|
| 999 |
_c187222 _d187222 |
||
| 005 | 20220406145543.0 | ||
| 010 | _aENG-132243 | ||
| 020 | _a9789380775351 | ||
| 035 | _aEN-115775 | ||
| 037 | _bDBAD/PUB | ||
| 082 | _a181.45 | ||
| 100 | _aVIVEKANANDA, SWAMI | ||
| 245 |
_aPatanjali Yoga Sutras _cSwami Vivkananda |
||
| 260 |
_aDelhi _bModern Press & Publications _c2022 |
||
| 270 |
_a1/2, Gali No.5, Pandav Road Vishwas Nagar,Shadhara, Delhi _b Delhi _e110032 |
||
| 300 |
_a143p. _c24cm(hbk) |
||
| 942 |
_2ddc _cEN _mVIV _h181.45 |
||